[Event "Paracin Summer op-A 11th"]
[Site "Paracin"]
[Date "2018.07.11"]
[Round "7"]
[White "Damjanovic, Vuk"]
[Black "Zlatanovic, Zoran"]
[Result "1/2-1/2"]
[WhiteElo "1939"]
[BlackElo "2108"]
[PlyCount "61"]
[EventDate "2018.07.06"]
[EventType "swiss"]
[EventRounds "9"]
[EventCountry "SRB"]
[SourceTitle "EXT 2019"]
[Source "ChessBase"]
[SourceDate "2018.10.10"]
[SourceVersion "1"]
[SourceVersionDate "2018.10.10"]
[SourceQuality "1"]

1. e4 c5 2. Ne2 d6 3. Nbc3 Nc6 4. d4 cxd4 5. Nxd4 Nf6 6. g3 Bg4 7. Be2 Bxe2 8. Ndxe2 e6 9. 0-0 a6 10. a4 Qc7 11. h3 h5 12. Be3 Be7 13. Kg2 Rd8 14. f4 b6 15. b3 Qb7 16. Nd4 Nxe4 17. Nxe4 Nxd4 18. Qxd4 Bf6 19. Qb4 Bxa1 20. Kg1 h4 21. g4 0-0 22. Rxa1 a5 23. Qd4 e5 24. Qd3 d5 25. Ng5 e4 26. Qd4 Qc6 27. Ra2 f6 28. Qxb6 Qxb6 29. Bxb6 Rde8 30. Bc5 fxg5 31. Bxf8 1/2-1/2

[Event "Paracin Summer op-A 11th"]
[Site "Paracin"]
[Date "2018.07.07"]
[Round "3"]
[White "Zlatanovic, Zoran"]
[Black "Vujcic, Milena"]
[Result "1/2-1/2"]
[WhiteElo "2108"]
[BlackElo "1911"]
[PlyCount "41"]
[EventDate "2018.07.06"]
[EventType "swiss"]
[EventRounds "9"]
[EventCountry "SRB"]
[SourceTitle "EXT 2019"]
[Source "ChessBase"]
[SourceDate "2018.10.10"]
[SourceVersion "1"]
[SourceVersionDate "2018.10.10"]
[SourceQuality "1"]

1. Nf3 Nf6 2. g3 g6 3. Bg2 Bg7 4. 0-0 0-0 5. d3 d6 6. c4 c5 7. Nc3 Nc6 8. e3 a6 9. a3 Rb8 10. Qc2 Bd7 11. Bd2 b5 12. Nd5 e6 13. Nxf6+ Bxf6 14. Bc3 Bxc3 15. Qxc3 b4 16. Qd2 Qe7 17. Rfe1 a5 18. d4 cxd4 19. exd4 Qf6 20. Rab1 bxa3 21. bxa3 1/2-1/2

[Event "Serbia Central Cup"]
[Site "Kragujevac"]
[Date "2018.05.01"]
[Round "4"]
[White "Marceta, Predrag"]
[Black "Zlatanovic, Zoran"]
[Result "1/2-1/2"]
[WhiteElo "2258"]
[BlackElo "2070"]
[PlyCount "66"]
[EventDate "2018.04.29"]
[EventType "swiss"]
[EventRounds "6"]
[EventCountry "SRB"]
[SourceTitle "CBM 184 Extra"]
[Source "ChessBase"]
[SourceDate "2018.06.28"]
[SourceVersion "1"]
[SourceVersionDate "2018.06.28"]
[SourceQuality "1"]

1. d4 Nf6 2. Bg5 e6 3. e4 h6 4. Bxf6 Qxf6 5. Nc3 d6 6. Qd2 Nd7 7. f4 g5 8. f5 g4 9. 0-0-0 h5 10. Kb1 c6 11. h3 e5 12. d5 c5 13. Nb5 Kd8 14. c4 a6 15. Nc3 Bh6 16. Qf2 Ke7 17. Bd3 Qg5 18. hxg4 hxg4 19. Nge2 Nf6 20. Na4 Bd7 21. Nb6 Rad8 22. Nxd7 Kxd7 23. Qe1 Qe3 24. Ng3 Qxe1 25. Rdxe1 Bf4 26. Ne2 Be3 27. Ref1 Nh5 28. Rh4 Nf4 29. Rxh8 Rxh8 30. Nxf4 exf4 31. Be2 g3 32. a4 Ke7 33. Kc2 a5 1/2-1/2

[Event "Veliko Gradiste Silver Lake op-B"]
[Site "Veliko Gradiste"]
[Date "2017.06.25"]
[Round "9"]
[White "Korbovljanovic, Natasa"]
[Black "Zlatanovic, Zoran"]
[Result "0-1"]
[WhiteElo "1826"]
[BlackElo "2124"]
[PlyCount "116"]
[EventDate "2017.06.18"]
[EventType "swiss"]
[EventRounds "9"]
[EventCountry "SRB"]
[SourceTitle "CBM 179 Extra"]
[Source "ChessBase"]
[SourceDate "2017.08.23"]
[SourceVersion "1"]
[SourceVersionDate "2017.08.23"]
[SourceQuality "1"]

1. e4 c5 2. Nf3 Nc6 3. d4 cxd4 4. Nxd4 Qb6 5. Nb5 a6 6. Be3 Qd8 7. Nd4 Nf6 8. Nc3 e6 9. a3 Qc7 10. Be2 d6 11. 0-0 Be7 12. Kh1 0-0 13. f4 Rb8 14. Nb3 b5 15. Bf3 Bb7 16. Qe1 b4 17. axb4 Nxb4 18. Qf2 Nd7 19. Ba7 Rbc8 20. Ra4 Nc6 21. Be3 Ncb8 22. Na5 Ba8 23. Nb3 Bc6 24. Raa1 Nf6 25. Bb6 Qd7 26. Rfd1 Qe8 27. Qe2 Nfd7 28. Be3 Qd8 29. Bd4 Qc7 30. Qf2 Bf6 31. Bxf6 Nxf6 32. Qe2 Rfd8 33. Rd2 Ne8 34. Rad1 Bb7 35. Nd4 Nd7 36. f5 e5 37. Nb3 Nc5 38. Nxc5 Qxc5 39. Na4 Qb4 40. b3 Nf6 41. Re1 d5 42. exd5 e4 43. c3 Qxb3 44. Qd1 Qxd1 45. Bxd1 Rxd5 46. Rb2 Rb5 47. Rc2 Rxf5 48. c4 h5 49. h3 Rd8 50. Rb2 Bc6 51. Nc3 Rd3 52. Nd5 Nxd5 53. cxd5 Bxd5 54. Bc2 Rd4 55. Rb8+ Kh7 56. Re8 Rf4 57. g3 Rf3 58. Rd8 f5 0-1

[Event "Veliko Gradiste Silver Lake op-B"]
[Site "Veliko Gradiste"]
[Date "2017.06.24"]
[Round "8"]
[White "Zlatanovic, Zoran"]
[Black "Radovic, Goran"]
[Result "1/2-1/2"]
[WhiteElo "2124"]
[BlackElo "1949"]
[PlyCount "84"]
[EventDate "2017.06.18"]
[EventType "swiss"]
[EventRounds "9"]
[EventCountry "SRB"]
[SourceTitle "CBM 179 Extra"]
[Source "ChessBase"]
[SourceDate "2017.08.23"]
[SourceVersion "1"]
[SourceVersionDate "2017.08.23"]
[SourceQuality "1"]

1. e4 e6 2. d3 d5 3. Nd2 Nf6 4. Ngf3 Nc6 5. Be2 Bd6 6. 0-0 0-0 7. c3 a5 8. a4 b6 9. Re1 Bb7 10. Qc2 Bf4 11. Bf1 dxe4 12. dxe4 Nd7 13. Nc4 Bxc1 14. Raxc1 Qe7 15. Rcd1 Rfd8 16. Na3 Nce5 17. Nxe5 Nxe5 18. Rd4 Nc6 19. Rxd8+ Rxd8 20. Nb5 Rd7 21. Rd1 Rxd1 22. Qxd1 g6 23. Qd2 Nb8 24. e5 Na6 25. Qd4 Nc5 26. h4 Bc6 27. g3 Nb3 28. Qc4 Nc5 29. b4 Bd5 30. Qd4 axb4 31. Qxb4 Qd8 32. a5 Bf3 33. axb6 cxb6 34. Nd6 Bc6 35. Qf4 Qf8 36. Bc4 Nd7 37. Qd4 Nc5 38. Qf4 Nd7 39. Qg5 h6 40. Qe3 Kg7 41. Qf4 Qe7 42. Qd4 Nc5 1/2-1/2

[Event "SRB-chT Cup"]
[Site "Kragujevac"]
[Date "2017.05.01"]
[Round "4.6"]
[White "Rancic, Zoran"]
[Black "Zlatanovic, Zoran"]
[Result "0-1"]
[WhiteElo "2217"]
[BlackElo "2066"]
[PlyCount "73"]
[EventDate "2017.04.29"]
[EventType "team-swiss"]
[EventRounds "6"]
[EventCountry "SRB"]
[SourceTitle "EXT 2018"]
[Source "ChessBase"]
[SourceDate "2017.10.13"]
[SourceVersion "1"]
[SourceVersionDate "2017.10.13"]
[SourceQuality "1"]
[WhiteTeam "Velika Plana"]
[BlackTeam "Bor Bakar"]
[WhiteTeamCountry "SRB"]
[BlackTeamCountry "SRB"]

1. d4 Nf6 2. c4 e6 3. Nc3 Bb4 4. Qc2 c5 5. e3 b6 6. Be2 Bb7 7. Bf3 Qc7 8. Bd2 a6 9. dxc5 Bxc5 10. a3 Be7 11. Bxb7 Qxb7 12. Nf3 d6 13. 0-0 Nbd7 14. Rac1 Rc8 15. Qd3 Nc5 16. Qe2 Nb3 17. Rc2 0-0 18. Nd4 Nxd2 19. Rxd2 Rc7 20. Rc1 Rfc8 21. Nb1 b5 22. b3 d5 23. h3 dxc4 24. Rdc2 cxb3 25. Nxb3 g6 26. Nd4 Nd5 27. Qd3 Qb6 28. Qb3 Bf6 29. Ne2 Qa5 30. Rxc7 Rxc7 31. Rd1 Rc4 32. Qd3 Qc7 33. Nd2 Rc2 34. Ng3 Rc3 35. Qb1 Rxa3 36. Nde4 Bg7 37. Rc1 0-1

[Event "SRB-chT Cup"]
[Site "Kragujevac"]
[Date "2017.05.01"]
[Round "5.4"]
[White "Simic, Vladica"]
[Black "Zlatanovic, Zoran"]
[Result "0-1"]
[WhiteElo "2044"]
[BlackElo "2066"]
[PlyCount "84"]
[EventDate "2017.04.29"]
[EventType "team-swiss"]
[EventRounds "6"]
[EventCountry "SRB"]
[SourceTitle "EXT 2018"]
[Source "ChessBase"]
[SourceDate "2017.10.13"]
[SourceVersion "1"]
[SourceVersionDate "2017.10.13"]
[SourceQuality "1"]
[WhiteTeam "Negotin Hemicar"]
[BlackTeam "Bor Bakar"]
[WhiteTeamCountry "SRB"]
[BlackTeamCountry "SRB"]

1. Nf3 Nf6 2. g3 g6 3. Bg2 Bg7 4. 0-0 d5 5. d3 0-0 6. Nbd2 Nc6 7. Rb1 a5 8. b3 d4 9. a3 Nd5 10. Bb2 e5 11. Re1 Bh6 12. Nc4 Re8 13. e4 Nc3 14. Bxc3 dxc3 15. Ne3 b5 16. Nd5 b4 17. axb4 axb4 18. Ra1 Rb8 19. h3 Qd6 20. Ra2 Bg7 21. Qe2 Be6 22. Rea1 Bxd5 23. exd5 Qxd5 24. Ng5 Qc5 25. Qf3 Nd8 26. Ra8 Rxa8 27. Rxa8 Qe7 28. Qg4 h5 29. Qh4 Bf6 30. f4 exf4 31. gxf4 Qe1+ 32. Qxe1 Rxe1+ 33. Kf2 Rc1 34. Ra2 Bxg5 35. fxg5 Ne6 36. h4 Nd4 37. Ra8+ Kg7 38. Bd5 Rxc2+ 39. Ke3 Nf5+ 40. Kf4 Rf2+ 41. Ke5 Re2+ 42. Kf4 c2 0-1

[Event "SRB-chT Cup"]
[Site "Kragujevac"]
[Date "2017.04.29"]
[Round "1.6"]
[White "Zlatanovic, Zoran"]
[Black "Bjelanovic, Mile"]
[Result "1-0"]
[WhiteElo "2066"]
[BlackElo "2020"]
[PlyCount "51"]
[EventDate "2017.04.29"]
[EventType "team-swiss"]
[EventRounds "6"]
[EventCountry "SRB"]
[SourceTitle "EXT 2018"]
[Source "ChessBase"]
[SourceDate "2017.10.13"]
[SourceVersion "1"]
[SourceVersionDate "2017.10.13"]
[SourceQuality "1"]
[WhiteTeam "Bor Bakar"]
[BlackTeam "Kragujevac Palilule"]
[WhiteTeamCountry "SRB"]
[BlackTeamCountry "SRB"]

1. e4 e6 2. d3 d5 3. Nd2 Nf6 4. Ngf3 Be7 5. g3 b6 6. e5 Nfd7 7. h4 c5 8. c3 Qc7 9. d4 Ba6 10. a3 Bxf1 11. Nxf1 Nc6 12. h5 c4 13. h6 g6 14. Bf4 b5 15. N1h2 a5 16. Ng5 0-0 17. Qg4 Bxg5 18. Bxg5 Rae8 19. 0-0 b4 20. axb4 axb4 21. Qh4 Ra8 22. Ng4 Rfe8 23. Rxa8 Rxa8 24. Be7 Nxe7 25. Qxe7 Qd8 26. Qxd7 1-0

[Event "SRB Central-ch op-B 9th"]
[Site "Paracin"]
[Date "2016.07.12"]
[Round "7"]
[White "Djuretanovic, Ivan"]
[Black "Zlatanovic, Zoran"]
[Result "1/2-1/2"]
[WhiteElo "2011"]
[BlackElo "2073"]
[PlyCount "91"]
[EventDate "2016.07.07"]
[EventType "swiss"]
[EventRounds "9"]
[EventCountry "SRB"]
[SourceTitle "CBM 173 Extra"]
[Source "ChessBase"]
[SourceDate "2016.08.29"]
[SourceVersion "1"]
[SourceVersionDate "2016.08.29"]
[SourceQuality "1"]

1. e4 c5 2. Nf3 d6 3. b3 Nd7 4. Nc3 a6 5. a4 b6 6. Bb2 e6 7. d4 cxd4 8. Nxd4 Bb7 9. f4 Ngf6 10. Bd3 Nc5 11. Qe2 Nxd3+ 12. cxd3 d5 13. e5 Nd7 14. Nf3 d4 15. Ne4 Bb4+ 16. Kf2 Bxe4 17. dxe4 d3 18. Qxd3 Nc5 19. Qe3 Nd3+ 20. Kg3 Nxb2 21. Rab1 Bc5 22. Qe2 Nxa4 23. bxa4 0-0 24. Rhd1 Qe7 25. f5 a5 26. h4 f6 27. Kh3 exf5 28. exf5 fxe5 29. g4 h5 30. Nxe5 Rae8 31. Qc4+ Kh7 32. Re1 Qb7 33. Qxc5 hxg4+ 34. Kh2 bxc5 35. Rxb7 Rxf5 36. Nd3 Rd8 37. Re5 Rf3 38. Rh5+ Kg8 39. Rg5 g3+ 40. Kg2 Rdxd3 41. Rbxg7+ Kf8 42. Rxg3 Rxg3+ 43. Rxg3 Rd4 44. h5 Rxa4 45. Kh3 Rb4 46. Rg5 1/2-1/2

[Event "SRB Central-ch op-A 8th"]
[Site "Paracin"]
[Date "2015.07.03"]
[Round "1"]
[White "Pantelic, Sasa"]
[Black "Zlatanovic, Zoran"]
[Result "1-0"]
[WhiteElo "2324"]
[BlackElo "2123"]
[PlyCount "53"]
[EventDate "2015.07.03"]
[EventType "swiss"]
[EventRounds "9"]
[EventCountry "SRB"]
[SourceTitle "CBM 167 Extra"]
[Source "ChessBase"]
[SourceDate "2015.09.14"]
[SourceVersion "1"]
[SourceVersionDate "2015.09.14"]
[SourceQuality "1"]

1. d4 Nf6 2. c4 g6 3. Nc3 d5 4. Nf3 Bg7 5. Bg5 dxc4 6. e4 c6 7. e5 Nd5 8. Bxc4 Nxc3 9. bxc3 0-0 10. 0-0 Qc7 11. Qe2 b5 12. Bb3 a5 13. a4 Ba6 14. Rfe1 e6 15. Qe3 Re8 16. Nd2 Nd7 17. Ne4 bxa4 18. Bxa4 Bb5 19. Nd6 Reb8 20. Qf3 Nxe5 21. dxe5 Bxa4 22. Rxa4 Bxe5 23. Ne4 Bxh2+ 24. Kh1 Be5 25. Nf6+ Bxf6 26. Qxf6 Rb5 27. Rg4 1-0

[Event "SRB Central-ch op-A 7th"]
[Site "Paracin"]
[Date "2014.07.08"]
[Round "6"]
[White "Visanescu, Daria Ioana"]
[Black "Zlatanovic, Zoran"]
[Result "1-0"]
[WhiteElo "2090"]
[BlackElo "2188"]
[PlyCount "65"]
[EventDate "2014.07.04"]
[EventType "swiss"]
[EventRounds "9"]
[EventCountry "SRB"]
[SourceTitle "CBM 161 Extra"]
[Source "ChessBase"]
[SourceDate "2014.08.29"]
[SourceVersion "1"]
[SourceVersionDate "2014.08.29"]
[SourceQuality "1"]

1. e4 c5 2. c3 b6 3. d4 Bb7 4. Nd2 cxd4 5. cxd4 Nf6 6. Bd3 Nc6 7. Ngf3 Nb4 8. Bc4 e6 9. a3 Nc6 10. 0-0 Be7 11. d5 Na5 12. Ba2 exd5 13. exd5 Bxd5 14. Bxd5 Nxd5 15. Ne4 Nc7 16. Ne5 d5 17. Qa4+ Kf8 18. b4 b5 19. Qxa5 dxe4 20. Nc6 Qd6 21. Nxe7 Kxe7 22. Be3 Ne6 23. Qxb5 Rhb8 24. Qf5 Qc6 25. Rac1 Qb7 26. Qxh7 Qd5 27. Qh4+ g5 28. Qg3 Rd8 29. Bc5+ Kf6 30. Qc3+ Kg6 31. Be7 Nd4 32. Qe3 Rd7 33. Rc5 1-0

[Event "SRB Central-ch op-A 7th"]
[Site "Paracin"]
[Date "2014.07.08"]
[Round "5"]
[White "Zlatanovic, Zoran"]
[Black "Stojkovska, Monika"]
[Result "1-0"]
[WhiteElo "2188"]
[BlackElo "2040"]
[PlyCount "83"]
[EventDate "2014.07.04"]
[EventType "swiss"]
[EventRounds "9"]
[EventCountry "SRB"]
[SourceTitle "CBM 161 Extra"]
[Source "ChessBase"]
[SourceDate "2014.08.29"]
[SourceVersion "1"]
[SourceVersionDate "2014.08.29"]
[SourceQuality "1"]

1. e4 c5 2. Nf3 d6 3. d3 Nc6 4. g3 g6 5. Bg2 Bg7 6. 0-0 e5 7. c3 Nge7 8. a3 0-0 9. b4 b6 10. b5 Na5 11. c4 Rb8 12. Bd2 Nb7 13. a4 Qc7 14. a5 Nd8 15. axb6 axb6 16. Nc3 Ne6 17. Ra3 Bb7 18. Nd5 Nxd5 19. exd5 Nd4 20. Nxd4 exd4 21. Qb3 Rfe8 22. Bf3 Qd7 23. Ra7 Qf5 24. Be4 Qh5 25. Qd1 Qxd1 26. Rxd1 f5 27. Bf3 Kf7 28. h4 Bf6 29. Rda1 Kg8 30. Bh6 Ra8 31. Kg2 Rxa7 32. Rxa7 Re7 33. Bf4 Be5 34. Bg5 Rd7 35. Bd8 Kf8 36. Bxb6 Ke8 37. Ba5 Bf6 38. Kf1 Bd8 39. b6 Bf6 40. Bd1 Rg7 41. Ba4+ Kd8 42. Ra8+ 1-0

[Event "SRB Central-ch op-A 7th"]
[Site "Paracin"]
[Date "2014.07.04"]
[Round "1"]
[White "Zlatanovic, Zoran"]
[Black "Arsovic, Zoran"]
[Result "0-1"]
[WhiteElo "2188"]
[BlackElo "2433"]
[PlyCount "70"]
[EventDate "2014.07.04"]
[EventType "swiss"]
[EventRounds "9"]
[EventCountry "SRB"]
[SourceTitle "CBM 161 Extra"]
[Source "ChessBase"]
[SourceDate "2014.08.29"]
[SourceVersion "1"]
[SourceVersionDate "2014.08.29"]
[SourceQuality "1"]

1. e4 c5 2. Nf3 d6 3. d4 cxd4 4. Nxd4 Nf6 5. Nc3 a6 6. a4 Nc6 7. g3 e5 8. Nb3 Bg4 9. Be2 Be6 10. Bg5 Be7 11. Bxf6 Bxf6 12. Nd5 0-0 13. h4 Rc8 14. c3 Ne7 15. a5 Nxd5 16. exd5 Bd7 17. Bg4 b5 18. axb6 Bxg4 19. Qxg4 Qxb6 20. Ra3 Qb5 21. Qd1 e4 22. Qe2 Qxd5 23. 0-0 Rb8 24. Rd1 Qb7 25. Rxd6 Be7 26. Rdxa6 Bxa3 27. Rxa3 Rfc8 28. c4 h6 29. c5 Qd5 30. Qe3 Rb4 31. Kh2 Rcb8 32. Nd2 Rd4 33. Nf1 Qxc5 34. Rc3 Qd6 35. Qc1 Rd1 0-1

[Event "SRB-CupT Central Serbia"]
[Site "Serbia"]
[Date "2014.05.03"]
[Round "7.5"]
[White "Zlatanovic, Zoran"]
[Black "Todorovic, Bojan"]
[Result "1/2-1/2"]
[WhiteElo "2181"]
[BlackElo "2321"]
[PlyCount "24"]
[EventDate "2014.03.23"]
[EventType "team"]
[EventRounds "8"]
[EventCountry "SRB"]
[SourceTitle "EXT 2015"]
[Source "ChessBase"]
[SourceDate "2014.11.20"]
[SourceVersion "1"]
[SourceVersionDate "2014.11.20"]
[SourceQuality "1"]

1. e4 e5 2. Nf3 Nc6 3. Bb5 Nf6 4. d3 Bc5 5. c3 0-0 6. 0-0 Re8 7. Ba4 h6 8. Nbd2 Bf8 9. Nc4 d6 10. Ne3 Bd7 11. h3 Ne7 12. Bxd7 Qxd7 1/2-1/2

[Event "SRB-chT3 Ost"]
[Site "Kladovo"]
[Date "2013.10.18"]
[Round "3.22"]
[White "Radakovic, Stevan"]
[Black "Zlatanovic, Zoran"]
[Result "1/2-1/2"]
[WhiteElo "2147"]
[BlackElo "2191"]
[PlyCount "101"]
[EventDate "2013.10.17"]
[EventType "team-swiss"]
[EventRounds "8"]
[EventCountry "SRB"]
[SourceTitle "EXT 2015"]
[Source "ChessBase"]
[SourceDate "2014.11.20"]
[SourceVersion "1"]
[SourceVersionDate "2014.11.20"]
[SourceQuality "1"]

1. e4 c5 2. Nf3 d6 3. d4 cxd4 4. Nxd4 Nf6 5. Nc3 Nc6 6. Be3 e5 7. Nb3 Be7 8. f3 Be6 9. Qd2 0-0 10. 0-0-0 a5 11. Bb5 Qb8 12. Kb1 Rc8 13. a3 Na7 14. Be2 Nc6 15. Na4 Nd7 16. Bb6 Re8 17. Bb5 Nxb6 18. Nxb6 Ra7 19. Nd5 Bd8 20. a4 Rf8 21. g3 Qc8 22. c3 Ne7 23. Qe3 Ra8 24. f4 Nxd5 25. exd5 Bf5+ 26. Ka2 f6 27. fxe5 fxe5 28. Rhf1 Qc7 29. Rf2 Qb6 30. Qxb6 Bxb6 31. Rff1 Bh3 32. Rxf8+ Rxf8 33. Rd2 Bd8 34. Bd3 Rf3 35. Be4 Re3 36. Bg2 Bd7 37. Ka3 b5 38. axb5 Bxb5 39. Na1 Bb6 40. Nc2 Bc5+ 41. Ka2 Re2 42. Rxe2 Bxe2 43. b4 axb4 44. cxb4 Bg1 45. h3 h5 46. Na3 Bf2 47. b5 Kf8 48. Kb3 Ke7 49. Nc4 Bxg3 50. b6 Kd7 51. Be4 1/2-1/2